| 000 | 01842cam a22005297a 4500 | ||
|---|---|---|---|
| 001 | 8574365 | ||
| 003 | OSt | ||
| 005 | 20211021104759.0 | ||
| 006 | m d | ||
| 007 | cr n | ||
| 008 | 090806s2010 gw a sb 000 0 eng d | ||
| 015 |
_aGBA9A9632 _2bnb |
||
| 015 |
_a09,N43,0028 _2dnb |
||
| 016 | 7 |
_a015416051 _2Uk |
|
| 020 | _a9783642025341 (hbk. : alk. paper) | ||
| 028 | 5 | 2 | _a12557622 |
| 035 | _a(WaSeSS)ssj0000440079 | ||
| 038 | _aKhadija | ||
| 040 |
_aUKM _beng _cUKM _dBWX _dTEF _dYDXCP _dDEBBG _dBTCTA _dMUU _dOCL _dOHX _dOCL _dDLC _dWaSeSS |
||
| 042 |
_aukblcatcopy _alccopycat |
||
| 050 | 4 |
_aQA76.87 _b.K885 2010 |
|
| 050 | 4 | _aTK7875 | |
| 082 | 0 | 4 |
_a621.38102856 _222 _bKUS |
| 084 |
_a004 _2sdnb |
||
| 084 |
_aST 301 _2rvk |
||
| 084 |
_aST 330 _2rvk |
||
| 084 |
_aZN 3700 _2rvk |
||
| 100 | 1 |
_aKussulʹ, Ė. M. _983317 |
|
| 210 | 1 | 0 | _aNeural networks and micromechanics |
| 245 | 1 | 0 |
_aNeural networks and micromechanics / _cErnst Kussul, Tatiana Baidyk, Donald C. Wunsch. |
| 260 |
_aHeidelberg ; _aNew York : _bSpringer, _cc2010. |
||
| 504 | _aIncludes bibliographical references. | ||
| 506 | _aLicense restrictions may limit access. | ||
| 563 | _aHardcover | ||
| 650 | 0 |
_aNeural networks (Computer science) _918586 |
|
| 650 | 0 |
_aPattern recognition systems. _927998 |
|
| 650 | 0 |
_aMicroelectromechanical systems. _955756 |
|
| 650 | 0 | 7 |
_aBilderkennung. _2swd _981761 |
| 650 | 0 | 7 |
_aMikromechanik. _2swd _983318 |
| 650 | 0 | 7 |
_aNeuronales Netz. _2swd _983319 |
| 700 | 1 |
_aBaidyk, Tatiana. _983320 |
|
| 700 | 1 |
_aWunsch, Donald C. _983321 |
|
| 773 | 0 | _tSpringerLink ebooks - Computer Science (2010) | |
| 856 | 4 | 0 |
_uhttp://www.columbia.edu/cgi-bin/cul/resolve?clio8574365 _zFull text available from SpringerLink ebooks - Computer Science (2010) |
| 910 | _aLibrary of Congress record | ||
| 942 |
_2ddc _cBK |
||
| 999 |
_c32964 _d32964 |
||